Armaments, arms, control & Disarmament (Record no. 238202)
[ view plain ]
| 000 -LEADER | |
|---|---|
| fixed length control field | 00223 a2200097 4500 |
| 001 - CONTROL NUMBER | |
| control field | 3129 |
| 090 ## - LOCALLY ASSIGNED LC-TYPE CALL NUMBER (OCLC); LOCAL CALL NUMBER (RLIN) | |
| -- | 2411 |
| -- | 2411 |
| 100 ## - MAIN ENTRY--PERSONAL NAME | |
| Personal name | Mark, T |
| 245 ## - TITLE STATEMENT | |
| Title | Armaments, arms, control & Disarmament |
| 260 ## - PUBLICATION, DISTRIBUTION, ETC. | |
| Place of publication, distribution, etc. | France |
| Name of publisher, distributor, etc. | UNESCO |
| Date of publication, distribution, etc. | 1982 |
| 942 ## - ADDED ENTRY ELEMENTS (KOHA) | |
| Institution code [OBSOLETE] | NUST-CAE |
| Call number prefix | 327.174THE |
| Withdrawn status | Lost status | Damaged status | Not for loan | Collection code | Permanent Location | Current Location | Date acquired | Total Checkouts | Full call number | Barcode | Date last seen | Price effective from | Koha item type |
|---|---|---|---|---|---|---|---|---|---|---|---|---|---|
| College of Aeronautical Engineering (CAE) | College of Aeronautical Engineering (CAE) | 04/03/2017 | 327.174THE | CAE65649 | 04/05/2017 | 04/05/2017 | Book |
